Sports Quiz

Random Sports or Tennis Quiz
Score 0/21 Timer 05:00
3 Plays Today
Titles Player % Correct
103*Roger Federer
97.8%
84*Rafael Nadal
95.3%
64Pete Sampras
90.3%
77*Novak Djokovic
87.7%
60Andre Agassi
86.8%
77John McEnroe
85.1%
46*Andy Murray
82.5%
64Bjorn Borg
80.7%
109Jimmy Connors
76%
94Ivan Lendl
71.5%
49Boris Becker
69.2%
Titles Player % Correct
47Rod Laver
59.4%
41Stefan Edberg
54.7%
33Mats Wilander
54.1%
34Michael Chang
40.9%
58Ilie Nastase
34.2%
62Guillermo Vilas
28.2%
33Ken Rosewall
25.1%
37Stan Smith
24.9%
44Thomas Muster
19%
33Manuel Orantes
11.4%
Remove Ads.
Support Sporcle.
Get the best of Sporcle when you Go Orange. This ad-free experience offers more features, more stats, and more fun while also helping to support Sporcle. Thank you for becoming a member.

You're not logged in!

Compare scores with friends on all Sporcle quizzes.
OR
Log In

Sporcle TV

Today on Sporcle TV


Watch our educational content, quiz creation guides, and fun videos on Sporcle TV.

Show Comments

Extras

Top Quizzes Today


Score Distribution

Paid Content

Your Account Isn't Verified!

In order to create a playlist on Sporcle, you need to verify the email address you used during registration. Go to your Sporcle Settings to finish the process.

Report this User

Report this user for behavior that violates our Community Guidelines.

Details: